| 000 | 00506nam a2200169 i 4500 | ||
|---|---|---|---|
| 001 | 78677 | ||
| 003 | ES-MaACL | ||
| 007 | t| | ||
| 008 | 041015s1983 sp ||||1| spa d | ||
| 100 | 1 |
_aHecht, Jeff. _962272 |
|
| 245 | 1 | 3 |
_aEl rayo láser / _cJeff Hecht, Dick Teresi ; [traducción Enric Tremps]. |
| 260 |
_a[Barcelona] : _bArgos Vergara, _c[1983] |
||
| 300 |
_a266 p. : _bil. ; _c22 cm. |
||
| 700 | 1 |
_aTeresi, Dick. _9109741 |
|
| 700 | 1 |
_aTremps, Enric. _9111309 |
|
| 852 |
_aES-MaACL _jL-4967 _bR.105547 |
||
| 999 |
_c78677 _d78677 |
||